Héroes al rescate = Tokyo Godfathers /

Збережено в:
Бібліографічні деталі
Автор: Kon, Satoshi (realización)
Інші автори: Furuya, Shôgo (realización) (realización), Kon, Satoshi (guión) (guión), Nobumoto, Keiko (guión) (guión), Konishi, Ken'ichi (animación) (animación), Sugai, Katsutoshi (fotógrafo) (fotógrafo), Seyama, Takeshi (montaje) (montaje), Moonriders (música) (música), Suzuki, Keiichi (música) (música), Emori, Toru (voz) (voz), Okamoto, Aya (voz) (voz), Umegaki, Yoshiaki (voz) (voz)
Формат: Слайд
Мова:Японська
Опубліковано: Japón : Mad House, 2003, c2003
Предмети:
Теги: Додати тег
Немає тегів, Будьте першим, хто поставить тег для цього запису!

MARC

LEADER 00000ngm^a2200000^a^4500
001 000187044
005 20250521000000.0
009 20260310102247.549
037 |a Acervo ITESO - Biblioteca 
041 |a JAP 
082 |a 895. 6  |b KON 
100 |a Kon, Satoshi  |e (realización) 
245 1 0 |a Héroes al rescate =  |b Tokyo Godfathers /  |c Realización de S. Kon, S. Furuya. 
264 4 |a Japón :  |b Mad House,  |c 2003, c2003 
264 2 |a México :  |b Columbia Pictures [distribución],  |c 2004, c2004 
300 |a 1 DVD región 4  |c (92 min.) 
336 |a imagen móvil bidimensional  |b tdi  |2 rdacontenido 
337 |a video  |b v  |2 rdamedio 
338 |a videodisco  |b vd  |2 rdasoporte 
546 |a En español y japonés, con subtítulos opcionales: español, francés, inglés, portugués 
649 |a XX 
650 |a Melodramas 
650 |a Dramas Cinematográficos 
650 |a Cine de Aventuras 
650 |a Cine de Animación 
650 |a Cine Japonés -  |y 2000-2009 
650 |a Cine Japonés -  |y Siglo XXI 
650 |a Marginados Sociales 
650 |a Maternidad 
650 |a Solidaridad 
650 |a Solidaridad 
650 |a Navidad 
650 |a Fiestas Religiosas 
700 |a Furuya, Shôgo  |e (realización) 
700 |a Kon, Satoshi  |e (guión) 
700 |a Nobumoto, Keiko  |e (guión) 
700 |a Konishi, Ken'ichi  |e (animación) 
700 |a Sugai, Katsutoshi  |e (fotógrafo) 
700 |a Seyama, Takeshi  |e (montaje) 
700 |a Moonriders  |e (música) 
700 |a Suzuki, Keiichi  |e (música) 
700 |a Emori, Toru  |e (voz) 
700 |a Okamoto, Aya  |e (voz) 
700 |a Umegaki, Yoshiaki  |e (voz) 
910 |a Fondo General 
920 |a Audiovisuales - DVDs 
940 |a Películas 
905 |a 302 
901 |a 0500094103  |b IT2  |c DVS  |u 20250521 
902 |a https://opac.biblio.iteso.mx/vufind/Record/000187044